000 00836nam a2200277 a 4500
001 18855
003 CO-ViMGA
008 141112s2004 ck r 000 u spa d
020 _a9583006947
040 _aCO-ViMGA
_bspa
_cCO-ViMGA
082 0 4 _a861.08 G353
100 1 _aHernández, Carlos Nicolas, comp
_926916
245 1 0 _aGeneración del 98
260 _aBogotá :
_bPanAméricana Editorial; 2000
300 _a92 p.
490 _aCuadernillos de poesía
590 _aForma de adquisición : Premio Mincultura
650 1 4 _aJIMENEZ, JUAN RAMON
_926917
650 1 4 _aMACHADO, ANTONIO
_96103
650 1 4 _aMACHADO, MANUEL
_926918
650 1 4 _aPOESIA AMOROSA
_92510
650 1 4 _aPOESIA ESPAÑOLA - COLECCIONES
_926919
650 1 4 _aUNAMUNO, MIGUEL DE
_926920
650 1 4 _aVALLE INCLAN, RAMON DEL
_926921
942 _2ddc
_cBK
999 _c28083
_d28083